Loading...
| History - Other History | 1 | 1 | 0 | 0 | 25 | 61 | 66.50 | 0 | 1 |
| Mythology | 0 | 3 | 2 | 0 | 20 | 70 | 92.00 | 1 | 3 |
| Religion | 0 | 2 | 0 | 0 | 20 | 82 | 91.00 | 1 | 2 |
| Fine Arts - Visual Fine Arts | 1 | 0 | 0 | 0 | 15 | 58 | 58.00 | 0 | 1 |
| Science - Biology | 0 | 1 | 0 | 0 | 10 | 104 | 104.00 | 0 | 1 |
| History - American History | 0 | 1 | 0 | 0 | 10 | 91 | 91.00 | 0 | 0 |
| History - World History | 0 | 1 | 0 | 0 | 10 | 126 | 126.00 | 0 | 1 |
| Literature - American Literature | 0 | 1 | 0 | 0 | 10 | 92 | 92.00 | 0 | 0 |
| Literature - British Literature | 0 | 1 | 1 | 0 | 5 | 86 | 86.00 | 0 | 1 |
| Literature - European Literature | 0 | 1 | 1 | 0 | 5 | 93 | 93.00 | 0 | 1 |
| Literature - World Literature | 0 | 0 | 1 | 0 | -5 | 0.00 | 0 | 0 | |
| History - European History | 0 | 0 | 1 | 0 | -5 | 0.00 | 0 | 0 | |
| Fine Arts - Other Fine Arts | 0 | 0 | 1 | 0 | -5 | 0.00 | 0 | 0 | |
| Current Events | 0 | 0 | 1 | 0 | -5 | 0.00 | 0 | 0 |